000 00834nam a2200253Ia 4500
003 OSt
005 20220923211533.0
006 a|||||r|||| 00| 0
007 ta
008 Pun
020 _a9789382455028 (hbk)
_c200
024 _a282,558
037 _b855, 14/08/2014, H.K. Prakashan
_cTextual
040 _aARTS
_cARTS
_bPun
041 _2Pun
_aPun
082 _aO142,6M95x, 153Q2
100 _aਮਨਮੋਹਨ
245 0 _aਵਿFਵ ਚਿੰਤਕ
_b ਮਿਖਾਇਲ ਮਿਖਾਇਲੋਵਿਚ ਬਾ॥ਤਿਨ
260 _aਦਿੱਲੀ
_b ਪੰਜਾਬੀ ਅਕਾਦਮੀ
_c2012
300 _a199ਪੰ
_ccm.
650 _aਰਾFੀਅਨ ਸਾਹਿਤ
942 _hO142,6M95x, 153Q2
_cTEXL
_2CC
999 _c300575
_d300575